| 000 | 00000cam 2200000za 4500 |
| 001 | 9.839456 |
| 003 | CaOODSP |
| 005 | 20260225073600 |
| 007 | cr ||||||||||| |
| 008 | 170711s2016 quc ob f000 0 eng d |
| 040 | |aCaOODSP|beng |
| 043 | |an-cn--- |
| 086 | 1 |aP29-003-023-2016E-PDF |
| 245 | 00|aAviation turbine fuel (grades JET A and JET A-1) |h[electronic resource]. |
| 250 | |a[November 2016 edition]. |
| 260 | |aGatineau : |bCanadian General Standards Board : |bStandards Council of Canada, |c2016. |
| 300 | |ai, 14 p. |
| 490 | 1 |aNational standard of Canada ; |vCAN/CGSB-3.23-2016 |
| 500 | |a"November 2016." |
| 500 | |a"Experience and excellence"--Cover. |
| 500 | |aSupersedes CAN/CGSB-3.23-2011. |
| 500 | |aIssued also in French under title: Carburéacteur d'aviation (grades JET A et JET A-1). |
| 504 | |aIncludes bibliographical references. |
| 520 | |a"This standard applies to two grades of kerosene-type aviation turbine fuel (grades JET A and JET A-1), consisting of conventional hydrocarbons, synthetic hydrocarbons, naturally occurring non-hydrocarbons and additives as specified herein"--Scope, p. 1. |
| 692 | 07|2gccst|aFuels |
| 692 | 07|2gccst|aStandards |
| 692 | 07|2gccst|aAviation industry |
| 710 | 2 |aCanadian General Standards Board. |
| 710 | 2 |aStandards Council of Canada. |
| 775 | 08|tCarburéacteur d'aviation (grades JET A et JET A-1) |w(CaOODSP)9.839457 |
| 794 | |tAviation turbine fuel (grades JET A and JET A-1) |b[April 2018 edition]|w(CaOODSP)9.855727 |
| 830 | #0|aNational standard of Canada ;|vCAN/CGSB-3.23-2016.|w(CaOODSP)9.507848 |
| 856 | 40|qPDF|s565 KB|uhttps://publications.gc.ca/collections/collection_2017/ongc-cgsb/P29-003-023-2016-eng.pdf |
| 986 | |aICS 75.160.20 |